Yeşilçam Oyuncuları - Armageddon - Statistics

General Stats
  • This quiz has been taken 57 times
  • The average score is 12 of 15
Answers on the Grid
Answers color-coded by a green-red scale on the quiz's grid according to % correct below.
Kemal Sunal
Beren Saat
Kıvanç Tatlıtuğ
Adile Naşit
Hülya Koçyiğit
Ayşen Gruda
Müjde Ar
Yılmaz Güney
Burak Özçivit
Münir Özkul
Haluk Bilginer
Türkan Şoray
Okan Yalabık
Fatma Girik
Ayhan Işık
Filiz Akın
Barış Falay
Serenay Sarıkaya
Şener Şen
Necati Şaşmaz
Tolga Sarıtaş
Fahriye Evcen
Engin Öztürk
Tarık Akan
Halit Akçatepe
Bergüzar Korel
Hazal Kaya
Tuba Büyüküstün
Cüneyt Arkın
Elçin Sangu
 
Answer Stats
Answer % Correct
Adile Naşit
89%
Tarık Akan
86%
Cüneyt Arkın
83%
Kemal Sunal
83%
Şener Şen
83%
Hülya Koçyiğit
81%
Türkan Şoray
81%
Fatma Girik
78%
Münir Özkul
78%
Ayşen Gruda
75%
Müjde Ar
75%
Ayhan Işık
72%
Halit Akçatepe
72%
Filiz Akın
69%
Yılmaz Güney
67%
No matching quizzes found
Score Distribution
Percent of People with Each Score
Percentile by Number Answered
Your Score History
You have not taken this quiz